| 000 | 00408 a2200145 4500 | ||
|---|---|---|---|
| 005 | 20250621091151.0 | ||
| 020 | _a0-87457-185-5 | ||
| 082 | _aLM 342.42 KOC | ||
| 100 | _aKOCH, C. H. | ||
| 245 | _aAdministrative Law | ||
| 260 |
_aUnited States of America _bCasenotes Publishing Co. _c2002 |
||
| 300 |
_axl, 256p.: ill.; picture & tables. _bGlossary & Index _c28cm. |
||
| 700 | _aSHAPIRO, A. S. | ||
| 942 |
_2ddc _cBKS |
||
| 999 |
_c227 _d227 |
||